02840 am a2200649 a 450000500170000000800410001702000150005804100080007309200170008110000390009824500700013725000180020726000320022530000170025750001410027465300250041565300280044065300250046865300140049365300150050765300210052265300120054365300220055565300400057765300140061765300210063165300220065265300290067465300310070365300300073465300180076465300180078265300170080065300330081765300150085065300320086565300310089765300300092870000400095870000360099893000080103493000080104293000090105093000090105993000090106893000090107794200120108699900130109895201260111195201110123795201120134895201120146095201130157295201120168595202040179795201890200120240419103528.0100707r20012004ag a f |||| 001 0 spa d a9506550301 aspa c616l13sCOS1 aCossio, Pedro Ramón.eDir.91068 aSemiología Médica Fisiopatológica / cPedro Ramón Cossio a7a ed. reimp. aBuenos Aires: bCTM;c2001. a1072 p.bil. aCossio, P. R., Fustinoni, J. C. y Rospide, C. A. (Dirs.). (2001). Semiología Médica Fisiopatológica. (7a ed.). Buenos Aires : CTM. aSemiología general aCabeza- Cuello- Columna aAparato respiratorio aDiafragma aMediastino aCorazón- Aorta aAbdomen aAparato digestivo aHigado- Vías biliares- Páncreas aRiñón aSistema nervioso aSistema endocrino aSistema hematopoyético aGanglios linfaticos y bazo aNutrición y metabolismo aMedio interno aInmunología aExtremidades aSemiología dermatológica aGenética aSemiología del senescente aDiagnóstico por imagenes aTabla de valores normales1 aFustinoni, Juan Carlos.eDir.910691 aRospide, César A.eDir.91070 a923 a924 a1252 a1253 a1254 a1255 2ddccBK c502d502 00102ddc40708REFaBFMbBFMcREFd2011-05-13l0o616 13 COSp923r2014-11-06tej.1w2011-08-19yREFzLIBRO DE CONSULTA 00104070aBFMbBFMcCRd2011-05-13l19m1o616 13 COSp924r2014-11-06s2014-03-18tej.2w2011-05-13yBK 00104070aBFMbBFMcCRd2011-05-13l45m1o616 13 COSp1252r2018-03-23s2018-03-21tej.3w2011-05-13yBK 00104070aBFMbBFMcCRd2011-05-13l18m3o616 13 COSp1253r2014-11-06s2014-04-16tej.4w2011-05-13yBK 00104070aBFMbBFMcCRd2011-05-13l32m16o616 13 COSp1254r2015-03-16s2015-03-13tej.5w2011-05-13yBK 00104070aBFMbBFMcCRd2011-05-13l48m2o616 13 COSp1255r2018-02-20s2017-12-12tej.6w2011-05-13yBK 00102ddc40708NFICaBFMbBFMcCRd2013-11-12eDonacion Melisa Ramirez l50m6o616 13 COSp3164r2020-03-06s2019-12-13tEj. 7w2013-11-12yBKzHemeroteca 2022 Donacion Melisa Ramirez Nov. 2013f 00102ddc4070aBFMbBFMcCRd2015-04-10eDonación Marisa Urrere, Abril 2015l9o616 13 COSp3474r2017-02-24s2016-12-15tEj.8w2015-04-10yBKzDonación Marisa Urrere, Abril 2015